000 00719nam a2200217 i 4500
001 27774
003 ES-MaACL
005 20230906153715.0
007 t|
008 030115s1930 fr ||||1| fre d
100 1 _aBabel', Isaak Emmanuilovich.
_924410
245 1 0 _aCavalerie rouge /
_cIsaak Emmanuilovich ; traduit du russe avec une introduction par Maurice Parijanine.
250 _a2eme ed.
260 _aParis :
_bRieder,
_c1930 (
_fImp. Française de Musique)
300 _a262 p. ;
_c19 cm.
490 1 _aLes prosateurs etrangers modernes
700 1 _aParijanine, Maurice.
_989128
830 0 _aLes prosateurs etrangers modernes
_9187340
852 _aES-MaACL
_jA-2117
_bR.13221
999 _c27774
_d27774